Catálogo público

Reporte de viaje de estudios de la materia de sistemas agroindustriales : (Record no. 177623)

MARC details
000 -CABECERA
campo de control de longitud fija 02655nam a2200421Ia 4500
001 - NÚMERO DE CONTROL
campo de control dia_7337
003 - IDENTIFICADOR DEL NÚMERO DE CONTROL
campo de control CHAP
005 - FECHA Y HORA DE LA ÚLTIMA TRANSACCIÓN
campo de control 20240827174131.0
007 - CAMPO FIJO DE DESCRIPCIÓN FÍSICA--INFORMACIÓN GENERAL
campo de control de longitud fija ta
008 - DATOS DE LONGITUD FIJA--INFORMACIÓN GENERAL
campo de control de longitud fija 220117s2018 mx abdofr 001 0 spa d
040 ## - FUENTE DE LA CATALOGACIÓN
Centro/agencia transcriptor CHAP
Centro catalogador/agencia de origen mxchpua
090 ## - LOCALMENTE ASIGNADO TIPO-LC NÚMERO DE CLASIFICACIÓN (OCLC); NÚMERO DE CLASIFICACIÓN LOCAL (RLIN)
Número de clasificación (OCLC) (R) ; Numero de clasificación, CALL (RLIN) (NR) T.C.771
Número cutter local (OCLC) ; Número de libro/Signatura topográfica íntegra, CALL (RLIN) R36 SAI
Año 2018
245 10 - MENCIÓN DE TÍTULO
Título Reporte de viaje de estudios de la materia de sistemas agroindustriales :
Resto del título sistema producto mezcal - insectos comestibles /
Mención de responsabilidad, etc. coordinador César Ramírez Santiago ; colaboradores Arturo Alonzo Carrasco...[et al.]
260 ## - PUBLICACIÓN, DISTRIBUCIÓN, ETC.
Lugar de publicación, distribución, etc. México :
Nombre del editor, distribuidor, etc. El autor,
Fecha de publicación, distribución, etc. 2018
300 ## - DESCRIPCIÓN FÍSICA
Extensión 156 páginas :
Otras características físicas ilustraciones, mapas, gráficas, diagramas, tablas, fotos +
Material acompañante/anejo 1 CD-ROM
336 ## - TIPO DE CONTENIDO
Fuente rdacontent
Término de tipo de contenido texto
Código de tipo de contenido txt
337 ## - TIPO DE MEDIO
Fuente rdamedia
Nombre/término del tipo de medio no mediado
Código del tipo de medio n
338 ## - TIPO DE SOPORTE
Fuente rdacarrier
Nombre/término del tipo de soporte volumen
Código del tipo de soporte nc
500 ## - NOTA GENERAL
Nota general 6° año Grupo 3 --<br/>El CD contiene reporte
502 ## - NOTA DE TESIS
Nota de tesis Viaje de Estudios
Tipo de título (SAI) --
Nombre de la institución que otorga el título UACh. Departamento de Ingeniería Agroindustrial,
Año de obtención del título 2018
504 ## - NOTA DE BIBLIOGRAFÍA, ETC.
Nota de bibliografía, etc. Bibliografía: páginas 153-156
505 ## - NOTA DE CONTENIDO CON FORMATO
Nota de contenido con formato Empresas visitadas: --
Título 1. Centro de invetigación y difución : TLAPANOCHESTLI --<br/>2. Mezcal Oro Oaxaca --<br/>3. Destilería Los Danzantes --<br/>4. Mezcal La Chinantla Santiago Cruz, S. de R. L. M. I. --<br/>5. Mezcal Mi Gusto Es --<br/>6. Mezcal Supremo --<br/>7. Real Matlatl --<br/>8. Mezcal del amigo --<br/>9. Mezcalería Los Sabinos --<br/>10. Mezcal Lani --<br/>11. Mezcal Casa Chagoya --<br/>12. Mezcal El Andador --<br/>13. Mezcal Olla Zapoteca --<br/>14. Mezcal Don Agave --<br/>15. Destilería Los Amantes --<br/>16. Mezcal con Alma de Oaxaca --<br/>17. Mezcal Diamante Oaxaqueño --<br/>18. Quesería La Trinidad --<br/>19. Comerciamte de chapulines --<br/>20. Mezcalería Rey de Matatlán --<br/>21. Riquezas de Oaxaca Casa Mezcalera --<br/>22. Centro Regional Unuversitario del Sureste - Chapingo (CRUS) --<br/>23. Mezcal Convite --<br/>24. Restaurante de los Danzantes --<br/>25. Restaurante La Tradición --<br/>26. Nevería La Oaxaqueña --<br/>27. Alameda --<br/>28. Comerciante del mercado de Zaachilla --<br/>29. Mezcaloteca --<br/>30. Restaurante Tobaziche --<br/>31. Archivo maguey --<br/>32. Mezcal Zapotecos
650 13 - PUNTO DE ACCESO ADICIONAL DE MATERIA--TÉRMINO DE MATERIA
Término de materia o nombre geográfico como elemento de entrada Alcoholes etílicos
9 (RLIN) 148013
650 13 - PUNTO DE ACCESO ADICIONAL DE MATERIA--TÉRMINO DE MATERIA
Término de materia o nombre geográfico como elemento de entrada Insectos comestibles
9 (RLIN) 161704
650 10 - PUNTO DE ACCESO ADICIONAL DE MATERIA--TÉRMINO DE MATERIA
Término de materia o nombre geográfico como elemento de entrada Mezcal
Subdivisión geográfica México
-- Oaxaca
9 (RLIN) 152647
650 13 - PUNTO DE ACCESO ADICIONAL DE MATERIA--TÉRMINO DE MATERIA
Término de materia o nombre geográfico como elemento de entrada Distilled spirits
9 (RLIN) 148015
650 13 - PUNTO DE ACCESO ADICIONAL DE MATERIA--TÉRMINO DE MATERIA
Término de materia o nombre geográfico como elemento de entrada Edible insects
9 (RLIN) 161703
700 1# - PUNTO DE ACCESO ADICIONAL--NOMBRE DE PERSONA
Nombre de persona Ramírez Santiago, César
9 (RLIN) 94265
Término indicativo de función/relación coordinador
700 1# - PUNTO DE ACCESO ADICIONAL--NOMBRE DE PERSONA
Nombre de persona Alonzo Carrasco, Arturo
9 (RLIN) 150303
Término indicativo de función/relación colaborador
856 41 - LOCALIZACIÓN Y ACCESO ELECTRÓNICOS
Identificador Uniforme del Recurso <a href="http://10.13.5.2/ve/TC771SAI/TC771SAI2018-REPORTE.pdf">http://10.13.5.2/ve/TC771SAI/TC771SAI2018-REPORTE.pdf</a>
Texto de enlace DESCARGAR REPORTE
942 ## - ELEMENTOS DE PUNTO DE ACCESO ADICIONAL (KOHA)
Fuente del sistema de clasificación o colocación Clasificación Universidad Autónoma de Chapingo
901 ## - ELEMENTOS DE DATOS A LOCAL LDA (RLIN)
a T.C.771 R36 SAI 2018
902 ## - ELEMENTOS DE DATOS B LOCAL, LDB (RLIN)
a M
905 ## - ELEMENTOS DE DATOS E LOCAL, LDE (RLIN)
a 5232272018 MX NML 8223123322SPA16
942 ## - ELEMENTOS DE PUNTO DE ACCESO ADICIONAL (KOHA)
Tipo de ítem Koha Viaje de Estudios
Holdings
Estado de retiro Estado de pérdida Fuente del sistema de clasificación o colocación Estado dañado Restricciones de uso No para préstamo Código de colección Localización permanente Ubicación/localización actual Fecha de adquisición Fuente de adquisición Total de préstamos Signatura topográfica completa Código de barras Fecha visto por última vez Fecha del último préstamo Número de copia Tipo de ítem Koha Precio válido a partir de Ubicación en estantería
    Clasificación Universidad Autónoma de Chapingo   Préstamo 5 días   Viajes de Estudio Ingenieria Agroindustrial Ingenieria Agroindustrial 30/05/2024 El autor 1 T.C.771 R36 SAI 2018 1106011963 30/05/2024 30/05/2024 Ej.4 CD    
    Clasificación Universidad Autónoma de Chapingo   Préstamo interno   Viajes de Estudio Ingenieria Agroindustrial Ingenieria Agroindustrial 18/01/2022 El autor   T.C.771 R36 SAI 2018 1106011960 26/01/2026   Ej. 1 Viaje de Estudios 18/01/2022  
    Clasificación Universidad Autónoma de Chapingo   Préstamo 5 días   Viajes de Estudio Ingenieria Agroindustrial Ingenieria Agroindustrial 18/01/2022 El autor 1 T.C.771 R36 SAI 2018 1106011961 26/01/2026 24/05/2024 Ej. 2 Viaje de Estudios 18/01/2022  
    Clasificación Universidad Autónoma de Chapingo   Préstamo interno   Viajes de Estudio Ingenieria Agroindustrial Ingenieria Agroindustrial 18/01/2022 El autor   T.C.771 R36 SAI 2018 1106011962 18/01/2022   Ej. 3 CD 18/01/2022  
    Clasificación Universidad Autónoma de Chapingo       Viajes de estudio - En línea Ingenieria Agroindustrial Ingenieria Agroindustrial 15/05/2024 El autor   T.C.771 R36 SAI 2018 1206011960 15/05/2024     Viajes de Estudio - En línea 15/05/2024 En línea